[Event "9. Lovsprings EMT Mesterklassen 1997"]
[Site "Ringsted"]
[Date "1997.03.14"]
[Round "1"]
[White "Bromann, Thorbjorn"]
[Black "Arnkilde, Anders"]
[Result "1-0"]
[WhiteElo "2216"]
[BlackElo "2015"]
[PlyCount "85"]
[EventDate "1997.??.??"]

1. d4 Nf6 2. Nc3 d5 3. Bg5 e6 4. e4 dxe4 5. Nxe4 Be7 6. Bxf6 Bxf6 7. Nf3 O-O 8.
c3 b6 9. Bd3 Bb7 10. Qc2 Nd7 11. O-O-O g6 12. h4 Bg7 13. h5 Bh6+ 14. Kb1 g5 15.
Ng3 Nf6 16. d5 exd5 17. Nf5 Ng4 18. Nh2 Nxh2 19. Nxh6+ Kh8 20. Rxh2 Qd6 21. Ng4
Bc8 22. Bf5 Qf4 23. Bxc8 Raxc8 24. Rd4 Qd6 25. Qf5 Rfe8 26. h6 Re1+ 27. Kc2 Qg6
28. Qxg6 hxg6 29. Rxd5 f5 30. Ne5 Re2+ 31. Kd3 Rxf2 32. Nf7+ Kg8 33. Nxg5 c5
34. h7+ Kg7 35. Ne6+ Kf6 36. Nd8 c4+ 37. Ke3 Rf1 38. Ke2 Rf4 39. h8=B+ Kg5 40.
Ne6+ Kg4 41. Nxf4 Kxf4 42. Kf2 Ke4 43. Rd4# 1-0

[Event "9. Lovsprings EMT Mesterklassen 1997"]
[Site "Ringsted"]
[Date "1997.03.14"]
[Round "1"]
[White "Christensen, Lars (1957)"]
[Black "Madsen, Hans Henrik"]
[Result "1-0"]
[WhiteElo "2025"]
[BlackElo "2093"]
[PlyCount "79"]
[EventDate "1997.??.??"]

1. e4 e5 2. f4 d5 3. exd5 exf4 4. Bc4 Qh4+ 5. Kf1 f3 6. Bb5+ c6 7. Nxf3 Qh5 8.
Qe2+ Ne7 9. dxc6 Nbxc6 10. Ne5 Qf5+ 11. Ke1 Be6 12. Rf1 Qg5 13. Nc3 O-O-O 14.
Nxf7 Bxf7 15. Bxc6 Nxc6 16. Rxf7 Qg6 17. Qf3 Qxc2 18. d4 Bd6 19. Bf4 Rhe8+ 20.
Kf1 Re7 21. Rxe7 Bxe7 22. Rc1 Qf5 23. d5 g5 24. Bg3 Qxf3+ 25. gxf3 Nb4 26. Nb5+
Kd7 27. Rc7+ Ke8 28. d6 Bf6 29. Rxb7 Nd5 30. Nc7+ Nxc7 31. dxc7 Rc8 32. b4 h5
33. h3 Kd7 34. a4 Be7 35. b5 Bd6 36. Bxd6 Kxd6 37. Rxa7 Kc5 38. Rb7 Kd4 39. a5
Ke3 40. a6 1-0

[Event "9. Lovsprings EMT Mesterklassen 1997"]
[Site "Ringsted"]
[Date "1997.03.14"]
[Round "1"]
[White "Flindt, Thomas"]
[Black "Haar, Bjarne"]
[Result "0-1"]
[WhiteElo "1904"]
[BlackElo "1903"]
[PlyCount "98"]
[EventDate "1997.??.??"]

1. e4 d6 2. d4 Nf6 3. Nc3 g6 4. Be3 Bg7 5. Qd2 O-O 6. h4 Ng4 7. Nf3 h5 8. Be2
Nc6 9. Nh2 Nxe3 10. fxe3 e5 11. Nf3 Bg4 12. d5 Ne7 13. O-O-O Bh6 14. Ng5 Qd7
15. Rdf1 Kg7 16. Nb5 a6 17. Nc3 Ng8 18. Rf2 Nf6 19. Nh3 Bxe2 20. Qxe2 b5 21.
Rf3 b4 22. Nd1 Nxe4 23. Rhf1 Qb5 24. Qe1 Qxd5 25. b3 a5 26. Nhf2 Nc5 27. Qe2 e4
28. Rg3 Qe5 29. Nh1 a4 30. Kb1 axb3 31. cxb3 Nxb3 32. Qc4 Qa1+ 33. Kc2 Qxa2+
34. Nb2 Na1+ 35. Kc1 Qxc4+ 36. Nxc4 Nb3+ 37. Kb2 Nc5 38. Nf2 f5 39. Nd1 Nd3+
40. Kb3 Rab8 41. Ndb2 Nc5+ 42. Kc2 b3+ 43. Kc3 d5 44. Ne5 Rf6 45. Ra1 f4 46.
Ra5 fxg3 47. Rxc5 c6 48. Nxc6 Bxe3 49. Ra5 Rf2 0-1

[Event "9. Lovsprings EMT Mesterklassen 1997"]
[Site "Ringsted"]
[Date "1997.03.14"]
[Round "1"]
[White "Holst, Peter Stein"]
[Black "Jorgensen, Gert"]
[Result "0-1"]
[WhiteElo "1910"]
[BlackElo "2019"]
[PlyCount "62"]
[EventDate "1997.??.??"]

1. e4 d5 2. exd5 Nf6 3. Nc3 Nxd5 4. Bc4 c6 5. Qf3 e6 6. Nge2 Nd7 7. Qg3 Nb4 8.
Bb3 Nc5 9. O-O Nxb3 10. cxb3 Qd3 11. Qe5 Bd7 12. Qc7 b5 13. Qb7 Rd8 14. Nf4 Qf5
15. d3 e5 16. Nfe2 Nxd3 17. Be3 Be7 18. Ng3 Qg6 19. Rad1 Bc8 20. Qxa7 Rd7 21.
Qa5 O-O 22. a3 f5 23. Bb6 f4 24. Nce4 Bb7 25. f3 Ra8 26. Ba7 Bd8 27. Rxd3 Bxa5
28. Rxd7 Rxa7 29. Nc5 Bb6 30. Rxb7 Bxc5+ 31. Kh1 Rxb7 0-1

[Event "9. Lovsprings EMT Mesterklassen 1997"]
[Site "Ringsted"]
[Date "1997.03.14"]
[Round "1"]
[White "Kronow, Jacob"]
[Black "Askgaard, Jens"]
[Result "0-1"]
[WhiteElo "1965"]
[BlackElo "2067"]
[PlyCount "68"]
[EventDate "1997.??.??"]

1. d4 d5 2. c4 c6 3. Nf3 Nf6 4. Nc3 a6 5. Bf4 dxc4 6. e3 b5 7. a4 Bb7 8. Be2 e6
9. O-O Be7 10. Ne1 O-O 11. f3 Nd5 12. Nxd5 cxd5 13. g4 Nc6 14. Bg3 Qb6 15. f4
Bd6 16. Nf3 f6 17. g5 f5 18. h4 Na5 19. g6 h6 20. Ng5 hxg5 21. hxg5 Rfe8 22.
Kg2 Kf8 23. Rh1 Ke7 24. Rh7 Rg8 25. Qh1 Kd7 26. Qh6 Bf8 27. Qh5 Nb3 28. Rh1
bxa4 29. Rh8 Rxh8 30. Qxh8 Qd6 31. Qg8 Bc6 32. Rh7 c3 33. bxc3 a3 34. e4 a2 0-1

[Event "9. Lovsprings EMT Mesterklassen 1997"]
[Site "Ringsted"]
[Date "1997.03.14"]
[Round "1"]
[White "Lynge, Michael"]
[Black "Carstensen, Jacob"]
[Result "1/2-1/2"]
[WhiteElo "2075"]
[BlackElo "2115"]
[PlyCount "160"]
[EventDate "1997.??.??"]

1. d4 Nf6 2. c4 e6 3. Nc3 Bb4 4. Qc2 d5 5. a3 Bxc3+ 6. Qxc3 Ne4 7. Qc2 Nc6 8.
e3 e5 9. Nf3 exd4 10. cxd5 Qxd5 11. Bc4 Qf5 12. Bd3 Qa5+ 13. b4 Nxb4 14. axb4
Qxa1 15. Bxe4 Qc3+ 16. Qxc3 dxc3 17. Kd1 c6 18. Nd4 O-O 19. Kc2 a5 20. bxa5
Rxa5 21. Kxc3 Rc5+ 22. Kb3 Re5 23. Bd3 Rd8 24. Bc2 c5 25. Nf3 Be6+ 26. Kc3 Red5
27. e4 R5d7 28. Ne5 Rc7 29. Rd1 Rxd1 30. Bxd1 b5 31. f4 b4+ 32. Kb2 c4 33. f5
c3+ 34. Kb1 Bc8 35. Bc2 f6 36. Bb3+ Kf8 37. Ng4 Bb7 38. Nf2 g6 39. g4 Ke8 40.
h4 Re7 41. Be6 b3 42. Bxb3 Bxe4+ 43. Nxe4 Rxe4 44. g5 Rb4 45. Kc2 fxg5 46. fxg6
hxg6 47. hxg5 Rg4 48. Kxc3 Ke7 49. Bc2 Kf7 50. Be3 Rg3 51. Kd3 Ke6 52. Ke4 Kf7
53. Kf4 Rg2 54. Bb3+ Kg7 55. Bd5 Re2 56. Bd4+ Kh7 57. Be4 Re1 58. Bf6 Re2 59.
Ke5 Re1 60. Kd5 Rd1+ 61. Kc6 Rc1+ 62. Kd6 Rd1+ 63. Bd5 Rd2 64. Ke6 Re2+ 65. Kf7
Re5 66. Bb3 Re2 67. Ba4 Ra2 68. Bc6 Ra7+ 69. Kf8 Rc7 70. Bd5 Rf7+ 71. Ke8 Rf8+
72. Kd7 Rf7+ 73. Be7 Rf5 74. Be6 Rf3 75. Ke8 Re3 76. Bf7 Kg7 77. Bd5 Re5 78.
Bc6 Re6 79. Kd7 Re3 80. Bf6+ Kh7 1/2-1/2

[Event "9. Lovsprings EMT Mesterklassen 1997"]
[Site "Ringsted"]
[Date "1997.03.14"]
[Round "1"]
[White "Madsen, Morten"]
[Black "Preuss, Flemming"]
[Result "1/2-1/2"]
[WhiteElo "1941"]
[BlackElo "2041"]
[PlyCount "92"]
[EventDate "1997.??.??"]

1. e4 c6 2. d4 d5 3. e5 Bf5 4. Bd3 Bxd3 5. Qxd3 e6 6. Nf3 c5 7. c3 Nc6 8. a3
Qb6 9. O-O a5 10. Nbd2 c4 11. Qe3 a4 12. Qg5 Qd8 13. Qg3 Nge7 14. Nh4 Ng6 15.
Nxg6 hxg6 16. Nf3 Be7 17. Be3 Rh5 18. Rfe1 Kd7 19. h3 Qb6 20. Rab1 Rah8 21. Nd2
Na5 22. Qf3 Rf8 23. Red1 Qb5 24. Qe2 Nb3 25. Nxb3 Qxb3 26. Qf3 Qc2 27. Rdc1 Qb3
28. Re1 Qb5 29. Qd1 Ra8 30. Qf3 Kc8 31. Bd2 Ra6 32. Rec1 Rb6 33. Qd1 Qd7 34.
Be3 Rb3 35. Qc2 Rh8 36. Re1 Kd8 37. Rbd1 Kc7 38. Bc1 Qd8 39. Re3 Kd7 40. Rf3
Ke8 41. Qd2 Kf8 42. Qf4 Qe8 43. Re1 Kg8 44. Rg3 Rh5 45. Qe3 Qd8 46. Rg4 Rf5
1/2-1/2

[Event "9. Lovsprings EMT Mesterklassen 1997"]
[Site "Ringsted"]
[Date "1997.03.14"]
[Round "1"]
[White "Rasmussen, Per Arnt"]
[Black "Nielsen, Max"]
[Result "1/2-1/2"]
[WhiteElo "1954"]
[BlackElo "2112"]
[PlyCount "50"]
[EventDate "1997.??.??"]

1. e4 c5 2. Nf3 Nc6 3. Bb5 g6 4. c3 Nf6 5. e5 Nd5 6. O-O Bg7 7. Re1 O-O 8. d4
cxd4 9. cxd4 Nc7 10. Nc3 d6 11. exd6 Qxd6 12. Bxc6 bxc6 13. Bg5 Re8 14. h3 h6
15. Bh4 Ne6 16. Bg3 Qb4 17. d5 cxd5 18. Nxd5 Qxb2 19. Qa4 Rd8 20. Rab1 Bd7 21.
Qa6 Qc2 22. Rbc1 Qa4 23. Nxe7+ Kh7 24. Qxa4 Bxa4 25. Nc6 Bxc6 1/2-1/2

[Event "9. Lovsprings EMT Mesterklassen 1997"]
[Site "Ringsted"]
[Date "1997.03.21"]
[Round "2"]
[White "Arnkilde, Anders"]
[Black "Holst, Peter Stein"]
[Result "1-0"]
[WhiteElo "2015"]
[BlackElo "1910"]
[PlyCount "61"]
[EventDate "1997.??.??"]

1. d4 d5 2. Nf3 c6 3. e3 Bg4 4. Be2 Nd7 5. Nbd2 Ngf6 6. b3 e6 7. Bb2 Qc7 8. O-O
Bd6 9. c4 O-O 10. Rc1 Rfe8 11. h3 Bh5 12. a3 Rac8 13. b4 Qb8 14. c5 Bc7 15. Re1
Bxf3 16. Nxf3 e5 17. dxe5 Nxe5 18. Nd4 a6 19. f4 Ned7 20. Nf5 Rcd8 21. Bd3 Re6
22. Qf3 Rde8 23. Qg3 Nh5 24. Qh4 g6 25. Nh6+ Kf8 26. Bd4 Bd8 27. Qf2 Nhf6 28.
f5 gxf5 29. Nxf5 Bc7 30. Qh4 Ng8 31. Bg7# 1-0

[Event "9. Lovsprings EMT Mesterklassen 1997"]
[Site "Ringsted"]
[Date "1997.03.21"]
[Round "2"]
[White "Askgaard, Jens"]
[Black "Bromann, Thorbjorn"]
[Result "1/2-1/2"]
[WhiteElo "2067"]
[BlackElo "2216"]
[PlyCount "73"]
[EventDate "1997.??.??"]

1. d4 d5 2. c4 Nc6 3. Nf3 Bg4 4. Nc3 e6 5. Bg5 Be7 6. Bxe7 Ngxe7 7. e3 O-O 8.
cxd5 Nxd5 9. Nxd5 Qxd5 10. Be2 e5 11. dxe5 Qa5+ 12. Qd2 Qb6 13. O-O Bxf3 14.
Bxf3 Nxe5 15. Be2 Rad8 16. Qc3 Nc6 17. Rfd1 Qb4 18. Qxb4 Nxb4 19. a3 Nc6 20.
Kf1 Ne7 21. Ke1 Nc8 22. Rxd8 Rxd8 23. Rc1 c6 24. Rd1 Rxd1+ 25. Kxd1 Kf8 26. h4
Ke7 27. Kd2 Kd6 28. e4 a5 29. f4 f6 30. Kc3 Na7 31. b4 axb4+ 32. axb4 c5 33.
e5+ fxe5 34. fxe5+ Kxe5 35. bxc5 Kd5 36. Bf3+ Kxc5 37. Bxb7 1/2-1/2

[Event "9. Lovsprings EMT Mesterklassen 1997"]
[Site "Ringsted"]
[Date "1997.03.21"]
[Round "2"]
[White "Carstensen, Jacob"]
[Black "Madsen, Morten"]
[Result "1-0"]
[WhiteElo "2115"]
[BlackElo "1941"]
[PlyCount "65"]
[EventDate "1997.??.??"]

1. d4 c5 2. d5 d6 3. c4 Nf6 4. Nc3 g6 5. e4 Bg7 6. f3 O-O 7. Bg5 a6 8. Qd2 Nbd7
9. Nh3 Qa5 10. Be2 Rb8 11. a4 Ne5 12. f4 Ned7 13. O-O Nb6 14. Nf2 Re8 15. e5
dxe5 16. fxe5 Nfd7 17. e6 fxe6 18. Ng4 exd5 19. Bh6 Bd4+ 20. Kh1 Nf6 21. Qf4
Bxg4 22. Bxg4 Bxc3 23. Be6+ Kh8 24. bxc3 Qxc3 25. cxd5 Qd4 26. Qg3 Nc4 27. Rad1
Qb2 28. Rb1 Qa2 29. d6 exd6 30. Bxc4 Qxc4 31. Rxf6 Re6 32. Rxb7 Rg8 33. Rff7
1-0

[Event "9. Lovsprings EMT Mesterklassen 1997"]
[Site "Ringsted"]
[Date "1997.03.21"]
[Round "2"]
[White "Jorgensen, Gert"]
[Black "Christensen, Lars (1957)"]
[Result "1/2-1/2"]
[WhiteElo "2019"]
[BlackElo "2025"]
[PlyCount "20"]
[EventDate "1997.??.??"]

1. d4 Nf6 2. c4 c5 3. Nf3 g6 4. Nc3 cxd4 5. Nxd4 Bg7 6. g3 d5 7. cxd5 Nxd5 8.
Ndb5 Nxc3 9. Qxd8+ Kxd8 10. Nxc3 Bd7 1/2-1/2

[Event "9. Lovsprings EMT Mesterklassen 1997"]
[Site "Ringsted"]
[Date "1997.03.21"]
[Round "2"]
[White "Kronow, Jacob"]
[Black "Rasmussen, Per Arnt"]
[Result "1-0"]
[WhiteElo "1965"]
[BlackElo "1954"]
[PlyCount "57"]
[EventDate "1997.??.??"]

1. d4 f5 2. e4 fxe4 3. Nc3 Nf6 4. Bg5 Nc6 5. d5 Ne5 6. Qd4 Nf7 7. Bxf6 exf6 8.
O-O-O f5 9. f3 Bd6 10. fxe4 Be5 11. Qd3 O-O 12. exf5 Nd6 13. Nf3 Bf6 14. g4 b5
15. h4 Nc4 16. g5 Bxc3 17. Qxc3 Rxf5 18. Nd4 Rf4 19. Nxb5 Nd6 20. Nxd6 cxd6 21.
Bc4 Rxh4 22. Rhg1 Qc7 23. b3 Ba6 24. Qg3 Rxc4 25. bxc4 Rb8 26. Rh1 Bxc4 27. Qh3
h6 28. gxh6 Qb7 29. Qc3 1-0

[Event "9. Lovsprings EMT Mesterklassen 1997"]
[Site "Ringsted"]
[Date "1997.03.21"]
[Round "2"]
[White "Madsen, Hans Henrik"]
[Black "Flindt, Thomas"]
[Result "1-0"]
[WhiteElo "2093"]
[BlackElo "1904"]
[PlyCount "43"]
[EventDate "1997.??.??"]

1. d4 Nf6 2. Bg5 g6 3. Bxf6 exf6 4. e3 Bg7 5. c4 c5 6. Nc3 cxd4 7. exd4 O-O 8.
Nf3 Nc6 9. Be2 d6 10. h3 f5 11. Qd2 a6 12. O-O Rb8 13. Rab1 Qa5 14. b4 Qb6 15.
Rbd1 Rd8 16. Nd5 Qa7 17. b5 axb5 18. cxb5 Nxd4 19. Nxd4 Re8 20. b6 Qa3 21. Nb5
Qc5 22. Rc1 1-0

[Event "9. Lovsprings EMT Mesterklassen 1997"]
[Site "Ringsted"]
[Date "1997.03.21"]
[Round "2"]
[White "Nielsen, Max"]
[Black "Lynge, Michael"]
[Result "1-0"]
[WhiteElo "2112"]
[BlackElo "2075"]
[PlyCount "59"]
[EventDate "1997.??.??"]

1. e4 e6 2. d4 d5 3. Nc3 Nf6 4. e5 Nfd7 5. f4 c5 6. Nf3 Nc6 7. Be3 Qb6 8. Na4
Qa5+ 9. c3 cxd4 10. b4 Nxb4 11. cxb4 Bxb4+ 12. Bd2 Bxd2+ 13. Nxd2 b6 14. Bd3 g5
15. O-O gxf4 16. Nf3 h5 17. Rb1 Ba6 18. Bxa6 Qxa6 19. Qxd4 Rc8 20. Rbc1 Rg8 21.
h3 b5 22. Rxc8+ Qxc8 23. Nc3 a6 24. Ne2 Qc4 25. Qd2 Ke7 26. Ned4 f6 27. Rc1 Qa4
28. exf6+ Nxf6 29. Rc7+ Kd6 30. Qxf4+ 1-0

[Event "9. Lovsprings EMT Mesterklassen 1997"]
[Site "Ringsted"]
[Date "1997.03.21"]
[Round "2"]
[White "Preuss, Flemming"]
[Black "Haar, Bjarne"]
[Result "1-0"]
[WhiteElo "2041"]
[BlackElo "1903"]
[PlyCount "43"]
[EventDate "1997.??.??"]

1. e4 d6 2. d4 Nf6 3. Nc3 g6 4. f4 Bg7 5. Nf3 O-O 6. Bd3 c6 7. a4 a5 8. O-O Qb6
9. Kh1 Bg4 10. e5 Nd5 11. Nxd5 cxd5 12. c3 Nd7 13. Qe1 Qc7 14. Qh4 Bxf3 15.
Rxf3 Nb6 16. Rh3 h6 17. f5 h5 18. f6 dxe5 19. fxg7 Kxg7 20. dxe5 Qxe5 21. Be3
Qd6 22. Qd4+ 1-0

[Event "9. Lovsprings EMT Mesterklassen 1997"]
[Site "Ringsted"]
[Date "1997.04.04"]
[Round "3"]
[White "Arnkilde, Anders"]
[Black "Kronow, Jacob"]
[Result "0-1"]
[WhiteElo "2015"]
[BlackElo "1965"]
[PlyCount "82"]
[EventDate "1997.??.??"]

1. d4 Nf6 2. Nf3 d6 3. c4 g6 4. Nc3 Bg7 5. e4 O-O 6. Be2 e5 7. O-O Nc6 8. d5
Ne7 9. Bd2 Nd7 10. b4 f5 11. exf5 gxf5 12. Ng5 Nf6 13. f4 e4 14. Rc1 h6 15. Ne6
Bxe6 16. dxe6 Qc8 17. Be3 Qxe6 18. Nb5 Ne8 19. h3 Kh7 20. g4 Rg8 21. Kh1 a6 22.
Nd4 Bxd4 23. Bxd4 Nf6 24. Rg1 Raf8 25. Be3 c6 26. g5 hxg5 27. fxg5 Nd7 28. Bf4
Ne5 29. Bh5 Nd3 30. g6+ Kg7 31. Qd2 Rh8 32. Qc3+ Qf6 33. Qxf6+ Rxf6 34. Bg5 Re6
35. Be2 Nxc1 36. Bxc1 Rxh3+ 37. Kg2 Rxg6+ 38. Kxh3 Rxg1 39. Bf4 Re1 40. c5 d5
41. Be5+ Kg6 0-1

[Event "9. Lovsprings EMT Mesterklassen 1997"]
[Site "Ringsted"]
[Date "1997.04.04"]
[Round "3"]
[White "Carstensen, Jacob"]
[Black "Preuss, Flemming"]
[Result "1-0"]
[WhiteElo "2115"]
[BlackElo "2041"]
[PlyCount "59"]
[EventDate "1997.??.??"]

1. d4 f5 2. g3 Nf6 3. Bg2 d6 4. c4 c6 5. Nc3 Qc7 6. Nh3 e5 7. O-O Be6 8. d5 Bd7
9. e4 fxe4 10. Nxe4 Be7 11. c5 Nxe4 12. Bxe4 cxd5 13. Qh5+ Kd8 14. cxd6 Qxd6
15. Rd1 Bc6 16. Ng5 g6 17. Qh6 Bxg5 18. Bxg5+ Kc7 19. Rac1 d4 20. f4 Kb6 21.
fxe5 Qxe5 22. Rxd4 Bxe4 23. Bf6 Qxf6 24. Rb4+ Ka6 25. Qe3 b5 26. Qa3+ Kb6 27.
Rxb5+ Kxb5 28. Rc5+ Kb6 29. Qa5+ Kb7 30. Rc7# 1-0

[Event "9. Lovsprings EMT Mesterklassen 1997"]
[Site "Ringsted"]
[Date "1997.04.04"]
[Round "3"]
[White "Christensen, Lars (1957)"]
[Black "Bromann, Thorbjorn"]
[Result "0-1"]
[WhiteElo "2025"]
[BlackElo "2216"]
[PlyCount "118"]
[EventDate "1997.??.??"]

1. e4 e6 2. Nf3 d5 3. e5 Bd7 4. a3 a5 5. Nc3 c5 6. Bb5 Ne7 7. O-O Ng6 8. Re1
Be7 9. d4 O-O 10. Bd3 Nc6 11. Bxg6 hxg6 12. dxc5 Bxc5 13. Ng5 f6 14. exf6 Qxf6
15. Rf1 Bxf2+ 16. Kh1 Qd4 17. Qe2 Bh4 18. Nf3 Qg4 19. Be3 Bf6 20. Bc5 Rfc8 21.
Qb5 b6 22. Bg1 Be8 23. Rae1 Bf7 24. Qxb6 e5 25. Qf2 e4 26. Nd2 Nd4 27. Nb3 Nf5
28. Qf4 Qxf4 29. Rxf4 Be5 30. Rf2 a4 31. Nc1 Bxc3 32. bxc3 Rxc3 33. Rd2 Rxa3
34. g4 Nh6 35. Bc5 Rf3 36. Rg2 Be6 37. Ne2 Bxg4 38. c3 Rf7 39. Nd4 Rc7 40. Bb4
Rc4 41. Rd2 Rcc8 42. Nb5 Be6 43. Rg1 Rab8 44. Nd4 Bf7 45. Ne2 Nf5 46. Ra1 Rc4
47. Rxa4 d4 48. Ra5 d3 49. Ng3 Re8 50. Ra1 Bd5 51. Kg1 Nh4 52. Rdd1 Nf3+ 53.
Kh1 d2 54. Ra5 Bc6 55. Ne2 e3 56. Kg2 Nd4+ 57. Kf1 Nxe2 58. Kxe2 Bf3+ 59. Kxf3
e2 0-1

[Event "9. Lovsprings EMT Mesterklassen 1997"]
[Site "Ringsted"]
[Date "1997.04.04"]
[Round "3"]
[White "Flindt, Thomas"]
[Black "Holst, Peter Stein"]
[Result "1-0"]
[WhiteElo "1904"]
[BlackElo "1910"]
[PlyCount "75"]
[EventDate "1997.??.??"]

1. e4 d5 2. exd5 Qxd5 3. Nc3 Qd6 4. d4 Nf6 5. Nb5 Qd8 6. Bf4 Na6 7. c4 c6 8.
Nc3 Bf5 9. Qb3 Qc8 10. Nf3 e6 11. Be2 Be7 12. O-O h6 13. Rac1 O-O 14. Rfd1 Rd8
15. Be3 Qb8 16. d5 Qc8 17. Nd4 Bg4 18. dxc6 bxc6 19. Qa4 Bxe2 20. Ncxe2 Nb4 21.
a3 c5 22. Nb3 Nc6 23. Bxc5 Bxc5 24. Nxc5 Rxd1+ 25. Qxd1 Rb8 26. b4 Qe8 27. Qc2
Rd8 28. Rd1 Ne5 29. Nd3 Qd7 30. Nb2 Qc7 31. Rxd8+ Qxd8 32. f4 Neg4 33. Qd3 Qxd3
34. Nxd3 Ne3 35. c5 Nc2 36. c6 Nxa3 37. c7 Nd5 38. c8=Q+ 1-0

[Event "9. Lovsprings EMT Mesterklassen 1997"]
[Site "Ringsted"]
[Date "1997.04.04"]
[Round "3"]
[White "Haar, Bjarne"]
[Black "Nielsen, Max"]
[Result "0-1"]
[WhiteElo "1903"]
[BlackElo "2112"]
[PlyCount "156"]
[EventDate "1997.??.??"]

1. e4 c5 2. Nf3 Nc6 3. d4 cxd4 4. Nxd4 Nf6 5. Nc3 e5 6. Ndb5 d6 7. a4 a6 8. Na3
Be7 9. Be2 Be6 10. Bf3 O-O 11. Be3 Rc8 12. O-O h6 13. Re1 Nb4 14. Qe2 Qa5 15.
Bd2 Qc7 16. h3 Rfd8 17. Nd1 Nxc2 18. Nxc2 Qxc2 19. Bc3 Qxe2 20. Rxe2 Nh7 21.
Ba5 Re8 22. Nc3 Ng5 23. Bg4 Bxg4 24. hxg4 Ne6 25. Rd1 Nd4 26. Re3 Bd8 27. Bxd8
Rexd8 28. Ne2 Nxe2+ 29. Rxe2 Rc4 30. b3 Rc3 31. Rb2 Kf8 32. Kf1 Ke7 33. Ke2 Ke6
34. Rd5 Rc5 35. Rd3 d5 36. b4 Rc4 37. exd5+ Rxd5 38. Rxd5 Kxd5 39. f3 Rd4 40.
Ke3 Rc4 41. Kd3 e4+ 42. Ke3 Rc3+ 43. Ke2 exf3+ 44. gxf3 Ra3 45. Rd2+ Ke6 46. a5
Rb3 47. Rd4 g6 48. Re4+ Kf6 49. Kf2 g5 50. Ke2 Kg6 51. Rd4 f6 52. Kf2 h5 53.
gxh5+ Kxh5 54. Rd6 Rxb4 55. Rxf6 Rb5 56. Rf7 Kg6 57. Rc7 Kf6 58. Kg3 Rxa5 59.
Rxb7 Rb5 60. Rc7 a5 61. Rc6+ Ke5 62. Rc4 Kd5 63. Rg4 Kc6 64. Kf2 Re5 65. f4
gxf4 66. Rxf4 Kb5 67. Rf8 a4 68. Rb8+ Kc4 69. Ra8 Kb3 70. Rb8+ Kc4 71. Rc8+ Kb4
72. Rb8+ Rb5 73. Ra8 a3 74. Ke2 Kb3 75. Kd1 Kb2 76. Rh8 a2 77. Rh2+ Kb1 78. Rh1
a1=Q 0-1

[Event "9. Lovsprings EMT Mesterklassen 1997"]
[Site "Ringsted"]
[Date "1997.04.04"]
[Round "3"]
[White "Jorgensen, Gert"]
[Black "Askgaard, Jens"]
[Result "0-1"]
[WhiteElo "2019"]
[BlackElo "2067"]
[PlyCount "80"]
[EventDate "1997.??.??"]

1. d4 d5 2. Bf4 Nf6 3. e3 e6 4. Nf3 c5 5. c3 Nc6 6. Bd3 Qb6 7. Qb3 c4 8. Qxb6
axb6 9. Bc2 b5 10. Nbd2 b4 11. O-O Be7 12. Ne5 Nxe5 13. Bxe5 O-O 14. Bxf6 gxf6
15. f4 f5 16. cxb4 Bxb4 17. Nb1 Bd7 18. a3 Ra6 19. h3 Rfa8 20. g4 fxg4 21. hxg4
b5 22. Kf2 Bf8 23. Rh1 h6 24. g5 hxg5 25. fxg5 b4 26. Bh7+ Kg7 27. e4 bxa3 28.
bxa3 Bxa3 29. Nxa3 Rxa3 30. Rxa3 Rxa3 31. e5 Ba4 32. Bb1 c3 33. Bd3 Ra2+ 34.
Ke3 Rg2 35. Rc1 c2 36. Ba6 Rxg5 37. Kd2 Rg3 38. Bd3 Kh6 39. Rh1+ Kg5 40. Rf1
Rxd3+ 0-1

[Event "9. Lovsprings EMT Mesterklassen 1997"]
[Site "Ringsted"]
[Date "1997.04.04"]
[Round "3"]
[White "Madsen, Morten"]
[Black "Madsen, Hans Henrik"]
[Result "0-1"]
[WhiteElo "1941"]
[BlackElo "2093"]
[PlyCount "84"]
[EventDate "1997.??.??"]

1. e4 e5 2. Nf3 Nf6 3. Nc3 Nc6 4. d4 exd4 5. Nxd4 Bb4 6. f3 d5 7. Bb5 Bd7 8.
Bxc6 bxc6 9. e5 Nh5 10. O-O g5 11. f4 Nxf4 12. Bxf4 gxf4 13. e6 Bxe6 14. Nxe6
fxe6 15. Qh5+ Kd7 16. Rxf4 Bxc3 17. Rf7+ Kd6 18. bxc3 h6 19. h4 Qg8 20. Re1 Qg3
21. Qe2 Rae8 22. c4 Qc3 23. Qf2 Qxc4 24. Qg3+ Kc5 25. Qa3+ Qb4 26. Qxa7+ Qb6
27. Qa3+ Qb4 28. Qxb4+ Kxb4 29. Rxc7 Kc5 30. c3 e5 31. Kh2 e4 32. Re3 Ra8 33.
Re2 Rhe8 34. Rb7 Kc4 35. Rbb2 Ra3 36. Rb6 Kd3 37. Rbb2 e3 38. Kg3 Rxc3 39. Kf3
Rf8+ 40. Kg3 d4 41. Re1 Rc2 42. Rb3+ Ke4 0-1

[Event "9. Lovsprings EMT Mesterklassen 1997"]
[Site "Ringsted"]
[Date "1997.04.04"]
[Round "3"]
[White "Rasmussen, Per Arnt"]
[Black "Lynge, Michael"]
[Result "0-1"]
[WhiteElo "1954"]
[BlackElo "2075"]
[PlyCount "42"]
[EventDate "1997.??.??"]

1. d4 d5 2. c4 dxc4 3. Nf3 a6 4. e4 b5 5. a4 Bb7 6. Nc3 e6 7. axb5 axb5 8. Rxa8
Bxa8 9. Nxb5 Bxe4 10. Bxc4 Bxf3 11. Qxf3 Bb4+ 12. Ke2 Ne7 13. Bf4 O-O 14. Bxc7
Qd7 15. Rd1 Rc8 16. Qb7 Nbc6 17. b3 Ba5 18. d5 exd5 19. Bxd5 Nxd5 20. Rxd5 Re8+
21. Kf1 Re1# 0-1

[Event "9. Lovsprings EMT Mesterklassen 1997"]
[Site "Ringsted"]
[Date "1997.04.11"]
[Round "4"]
[White "Askgaard, Jens"]
[Black "Carstensen, Jacob"]
[Result "1/2-1/2"]
[WhiteElo "2067"]
[BlackElo "2115"]
[PlyCount "101"]
[EventDate "1997.??.??"]

1. d4 Nf6 2. c4 e6 3. Nc3 Bb4 4. Qc2 d5 5. a3 Bxc3+ 6. Qxc3 Ne4 7. Qc2 Nc6 8.
e3 e5 9. cxd5 Qxd5 10. Bc4 Qa5+ 11. b4 Nxb4 12. Qxe4 Nc2+ 13. Ke2 Qe1+ 14. Kf3
Nxa1 15. Bb2 O-O 16. Kg3 Kh8 17. Nf3 Qxh1 18. Ng5 f5 19. Qxe5 f4+ 20. exf4 Bd7
21. d5 Rf6 22. Qxc7 Qb1 23. Bxf6 gxf6 24. Nf7+ Kg7 25. Qxd7 Qg6+ 26. Ng5+ Kh8
27. Qxb7 Re8 28. Qb2 h6 29. Qxa1 hxg5 30. h3 gxf4+ 31. Kh2 Rg8 32. Bf1 Qf5 33.
Qd4 a5 34. a4 Rd8 35. Bc4 Qe5 36. Qxe5 fxe5 37. f3 Kg7 38. h4 Kg6 39. Kh3 Kh5
40. g4+ fxg3 41. Kxg3 Rd6 42. Kf2 Kxh4 43. Ke3 Rf6 44. Ke4 Rf4+ 45. Kxe5 Rxc4
46. d6 Rc5+ 47. Ke6 Rc6 48. Ke7 Kg3 49. d7 Rc7 50. Ke8 Rxd7 51. Kxd7 1/2-1/2

[Event "9. Lovsprings EMT Mesterklassen 1997"]
[Site "Ringsted"]
[Date "1997.04.11"]
[Round "4"]
[White "Haar, Bjarne"]
[Black "Arnkilde, Anders"]
[Result "1/2-1/2"]
[WhiteElo "1903"]
[BlackElo "2015"]
[PlyCount "102"]
[EventDate "1997.??.??"]

1. e4 c5 2. Nf3 Nc6 3. d4 cxd4 4. Nxd4 Nf6 5. Nc3 e6 6. Be3 Bb4 7. Bd3 Qa5 8.
O-O a6 9. Nb3 Qc7 10. Ne2 d5 11. Ng3 O-O 12. f4 dxe4 13. Nxe4 Nd5 14. Rf3 Nxe3
15. Nf6+ Kh8 16. Rxe3 Qb6 17. Qf3 h6 18. Qe4 g6 19. g4 Be7 20. g5 Bxf6 21. gxf6
Qd8 22. Rh3 Qxf6 23. Rxh6+ Kg7 24. Rh3 e5 25. fxe5 Nxe5 26. Rg3 Nxd3 27. Qxd3
Bf5 28. Qc3 Rad8 29. Re1 Rh8 30. Qxf6+ Kxf6 31. c3 Rh4 32. Nd4 Rdh8 33. Re2 Re4
34. Rf3 Rxe2 35. Nxe2 Kg5 36. Rg3+ Kf6 37. Rf3 Ke5 38. Re3+ Be4 39. Nd4 f5 40.
h3 Kf4 41. Kf2 g5 42. Ne6+ Ke5 43. Nxg5 Rh5 44. h4 Kf4 45. Nxe4 fxe4 46. Rh3
Kg4 47. Rh1 Kf4 48. Ke2 Kg3 49. Rg1+ Kf4 50. Rf1+ Ke5 51. Rh1 Kf4 1/2-1/2

[Event "9. Lovsprings EMT Mesterklassen 1997"]
[Site "Ringsted"]
[Date "1997.04.11"]
[Round "4"]
[White "Holst, Peter Stein"]
[Black "Rasmussen, Per Arnt"]
[Result "1/2-1/2"]
[WhiteElo "1910"]
[BlackElo "1954"]
[PlyCount "28"]
[EventDate "1997.??.??"]

1. d4 f5 2. h3 d5 3. g4 fxg4 4. hxg4 Bxg4 5. Qd3 Nf6 6. Bh3 Qd7 7. Bxg4 Qxg4 8.
Qb5+ Nbd7 9. Qxb7 Rb8 10. Qxc7 e5 11. Nf3 Bb4+ 12. Bd2 O-O 13. Bxb4 Rxb4 14.
Nbd2 e4 1/2-1/2